00529 2200169 4500001002100000005001500021035002000036007000300056008004100059020002200100082001200122084001800134100004800152245008300200260003400283300004200317INLIS00000000000034220240206080243 a0010-0224000016ta240206 b 0 ind  a978-602-344-010-8 a633.842 a633.842 BAD k0 aBadan Penelitian dan Pengembangan Pertanian1 aKeluarga Cibi :bSi Cabai Pedas /cBadan Penelitian dan Pengembangan Pertanian aJakarta :bIAARD Press,c2014 aiv, 44 hlm, :bilus, ;c15 cm x 23 cm